Football Names - Statistics

General Stats
  • This quiz has been taken 3 times
  • The average score is 2 of 12
Answer Stats
Hint Answer % Correct
2010 South Africa World Cup Jabulani
100%
2022 Qatar World Cup Al Rihla
33%
Canadian Premier League Derbystar Brilliant
33%
1974 West Germany World Cup Telstar
33%
2018 Russia World Cup Telstar 18
33%
1950 World Cup Brazil Duplo T
0%
2002 South Korea World Cup Fevernova
0%
League Uber Eats (2023) Kipsta
0%
Premier League Nike Flight
0%
La Liga (2024) Orbita
0%
1930 World Cup Uraguay (1st half) Tiento
0%
1930 World Cup Uraguay (2nd half) TModel
0%
No matching quizzes found
Score Distribution
Percent of People with Each Score
Percentile by Number Answered
Your Score History
You have not taken this quiz